000 00600cam a22002053a 4500
001 35549
003 PGUSA
005 20140828083751.0
008 110311s2011||||xxu|||||s|||||000 | eng d
040 _aPGUSA
_beng
042 _adc
100 1 _aFreud, Sigmund,
_d1856-1939
245 1 0 _aDer Wahn und die Träume in W. Jensens »Gradiva«
_h[electronic resource] /
_cSigmund Freud
260 _bProject Gutenberg,
_c2011
506 _aPublic domain in the USA.
516 _aElectronic text
830 0 _aProject Gutenberg
_v35549
856 4 0 _uhttp://www.gutenberg.org/ebooks/35549
942 _cEB
999 _c264804
_d264804